[Event "Ruhrgebiet Regionalliga 1819"]
[Site "Nordrheinwestfalen"]
[Date "2018.10.28"]
[Round "3.1"]
[White "Kroeger, Fabian"]
[Black "Krueger, Andre"]
[Result "1-0"]
[WhiteElo "2215"]
[BlackElo "1970"]
[PlyCount "35"]
[EventDate "2018.09.02"]
[EventType "team-tourn"]
[EventRounds "11"]
[EventCountry "GER"]
[SourceTitle "EXT 2022"]
[Source "ChessBase"]
[SourceDate "2021.10.06"]
[SourceVersion "1"]
[SourceVersionDate "2021.10.06"]
[SourceQuality "1"]
[WhiteTeam "Horst Emscher"]
[BlackTeam "Oberhausen SV II"]
[WhiteTeamCountry "GER"]
[BlackTeamCountry "GER"]

1. e4 c5 2. Nf3 e6 3. d4 cxd4 4. Nxd4 Nf6 5. Nc3 Nc6 6. Ndb5 Bc5 7. Be3 Bxe3 8. Nd6+ Ke7 9. fxe3 a6 10. Qd2 Qc7 11. 0-0-0 Rd8 12. Qf2 Qa5 13. g4 Qe5 14. h4 Rf8 15. g5 Ne8 16. Nc4 Qc5 17. Na4 Qa7 18. Nab6 1-0

[Event "Stuttgart-chA int"]
[Site "Ditzingen"]
[Date "2016.05.08"]
[Round "7"]
[White "Maiorov, Nikita"]
[Black "Kroeger, Fabian"]
[Result "1-0"]
[WhiteElo "2538"]
[BlackElo "2170"]
[PlyCount "57"]
[EventDate "2016.05.05"]
[EventType "swiss"]
[EventRounds "7"]
[EventCountry "GER"]
[SourceTitle "EXT 2018"]
[Source "ChessBase"]
[SourceDate "2017.10.13"]
[SourceVersion "1"]
[SourceVersionDate "2017.10.13"]
[SourceQuality "1"]

1. d4 Nf6 2. c4 g6 3. Nf3 Bg7 4. g3 0-0 5. Bg2 d6 6. 0-0 Nbd7 7. Qc2 e5 8. Rd1 exd4 9. Nxd4 Re8 10. Nc3 h6 11. e4 Ne5 12. Qe2 Bg4 13. f3 Bd7 14. Be3 a6 15. b3 Nh7 16. Qd2 h5 17. Rf1 c5 18. Nde2 b5 19. Qxd6 Bf8 20. Qd2 bxc4 21. f4 Ng4 22. bxc4 Bc6 23. Nd5 Nxe3 24. Qxe3 Bxd5 25. cxd5 Nf6 26. e5 Nxd5 27. Qe4 Nb6 28. f5 Kg7 29. fxg6 1-0

[Event "NRW Class1 0405"]
[Site "Germany"]
[Date "2004.11.21"]
[Round "3.4"]
[White "Kroeger, Fabian"]
[Black "Lebedev, Dmitry"]
[Result "1/2-1/2"]
[WhiteElo "2146"]
[BlackElo "2198"]
[PlyCount "73"]
[EventDate "2004.10.10"]
[EventType "team-tourn"]
[EventRounds "9"]
[EventCountry "GER"]
[SourceTitle "EXT 2006"]
[Source "ChessBase"]
[SourceDate "2005.11.24"]
[SourceVersion "1"]
[SourceVersionDate "2005.11.24"]
[SourceQuality "1"]
[WhiteTeam "Westbevern"]
[BlackTeam "Koeln Porz III"]
[WhiteTeamCountry "GER"]
[BlackTeamCountry "GER"]

1. e4 c5 2. Nc3 Nc6 3. Nge2 e6 4. d4 cxd4 5. Nxd4 Nf6 6. Ndb5 d6 7. Bf4 e5 8. Nd5 Nxd5 9. exd5 Nb8 10. Bxe5 dxe5 11. d6 Bxd6 12. Qxd6 Qxd6 13. Nxd6+ Ke7 14. Nxc8+ Rxc8 15. 0-0-0 Nc6 16. g3 Rd8 17. Bg2 Rac8 18. Rxd8 Rxd8 19. Re1 Kf6 20. Rd1 Ke6 21. Bxc6 Rxd1+ 22. Kxd1 bxc6 23. Kd2 f5 24. Kd3 Kd5 25. c4+ Kc5 26. Kc3 a5 27. b3 Kd6 28. b4 a4 29. h4 g6 30. Kb2 h6 31. Kc3 Kc7 32. f3 Kd6 33. Kd2 Ke6 34. Ke3 Kd6 35. g4 h5 36. gxh5 gxh5 37. a3 1/2-1/2

[Event "Oberliga NRW 9900 I"]
[Site "Germany"]
[Date "2000.02.09"]
[Round "5.5"]
[White "Kroeger, Fabian"]
[Black "Huelsmann, Josef"]
[Result "0-1"]
[WhiteElo "2185"]
[BlackElo "2225"]
[PlyCount "86"]
[EventDate "1999.10.26"]
[EventType "team"]
[EventRounds "9"]
[EventCountry "GER"]
[SourceTitle "EXT 2001"]
[Source "ChessBase"]
[SourceDate "2000.11.22"]
[SourceVersion "1"]
[SourceVersionDate "2000.11.22"]
[SourceQuality "1"]
[WhiteTeam "Neuenkirchen"]
[BlackTeam "Monheim"]
[WhiteTeamCountry "GER"]
[BlackTeamCountry "GER"]

1. e4 e6 2. d4 d5 3. Nc3 Nf6 4. Bg5 Bb4 5. e5 h6 6. Be3 Nfd7 7. Qg4 g6 8. Bd3 Bxc3+ 9. bxc3 Qe7 10. h4 b6 11. Nh3 Ba6 12. h5 Bxd3 13. cxd3 g5 14. 0-0 Nc6 15. f4 f5 16. exf6 Nxf6 17. Qe2 g4 18. Nf2 Rg8 19. g3 Nxh5 20. Kg2 Ng7 21. Bc1 Nf5 22. Rh1 Kd7 23. a4 Qf7 24. Ba3 h5 25. Ne4 dxe4 26. dxe4 Nd6 27. Rad1 Rae8 28. c4 Kc8 29. c5 Nb7 30. cxb6 axb6 31. Rc1 Nxd4 32. Qa6 Kb8 33. a5 e5 34. axb6 cxb6 35. Ra1 Qg6 36. Bd6+ Qxd6 37. Rhc1 Nc6 38. Qxb6 Rc8 39. Rcb1 Rg7 40. Qa6 Qd2+ 41. Kh1 Nca5 42. Qf6 Rgc7 43. Qxe5 Qc3 0-1

[Event "Oberliga NRW 9900 I"]
[Site "Germany"]
[Date "1999.12.20"]
[Round "3.5"]
[White "Kroeger, Fabian"]
[Black "Stephan, Matthias"]
[Result "1/2-1/2"]
[WhiteElo "2185"]
[BlackElo "2225"]
[PlyCount "68"]
[EventDate "1999.10.26"]
[EventType "team"]
[EventRounds "9"]
[EventCountry "GER"]
[SourceTitle "EXT 2001"]
[Source "ChessBase"]
[SourceDate "2000.11.22"]
[SourceVersion "1"]
[SourceVersionDate "2000.11.22"]
[SourceQuality "1"]
[WhiteTeam "Neuenkirchen"]
[BlackTeam "Lohmar"]
[WhiteTeamCountry "GER"]
[BlackTeamCountry "GER"]

1. e4 d6 2. d4 Nf6 3. Nc3 g6 4. Be3 c6 5. Qd2 b5 6. f3 Bg7 7. g4 h5 8. g5 Nfd7 9. 0-0-0 Qa5 10. Kb1 Nb6 11. b3 N8d7 12. f4 Rb8 13. Nf3 b4 14. Ne2 d5 15. e5 e6 16. Nh4 Nf8 17. Nc1 Na8 18. Rg1 Nc7 19. a4 Ba6 20. Nd3 Nd7 21. Bh3 Bf8 22. f5 exf5 23. Nf4 Nb6 24. e6 Nxa4 25. exf7+ Kxf7 26. bxa4 Qxa4 27. Nhxg6 b3 28. c3 b2 29. Bxf5 Bc4 30. Ne5+ Kg8 31. Nxc4 Qa1+ 32. Kc2 Qa4+ 33. Kb1 Qa1+ 34. Kc2 Qa4+ 1/2-1/2

[Event "Oberliga NRW 9899 II"]
[Site "Germany"]
[Date "1999.05.06"]
[Round "9.2"]
[White "Karger, Frank"]
[Black "Kroeger, Fabian"]
[Result "0-1"]
[WhiteElo "2200"]
[BlackElo "2185"]
[PlyCount "69"]
[EventDate "1998.10.10"]
[EventType "team-tourn"]
[EventRounds "9"]
[EventCountry "GER"]
[SourceTitle "EXT 2000"]
[Source "ChessBase"]
[SourceDate "1999.11.16"]
[SourceVersion "1"]
[SourceVersionDate "1999.11.16"]
[SourceQuality "1"]
[WhiteTeam "Letmathe"]
[BlackTeam "Neuenkirchen"]
[WhiteTeamCountry "GER"]
[BlackTeamCountry "GER"]

1. d4 Nf6 2. c4 g6 3. Nf3 Bg7 4. Nc3 d6 5. e4 0-0 6. Be2 e5 7. 0-0 exd4 8. Nxd4 Re8 9. f3 c6 10. Kh1 Nbd7 11. Nc2 Nb6 12. Bg5 h6 13. Bh4 d5 14. c5 Nbd7 15. exd5 cxd5 16. Bb5 a6 17. Ba4 Re5 18. Bf2 Qe7 19. Bg3 Nxc5 20. Bxe5 Qxe5 21. Bb3 Nxb3 22. axb3 Be6 23. Re1 Qg5 24. Nd4 Nh5 25. Nce2 Rc8 26. Nxe6 fxe6 27. Rc1 Rf8 28. Rc2 Qh4 29. g3 Qb4 30. Ng1 Qd6 31. Rd2 d4 32. Qe2 Rf6 33. f4 Nxf4 34. gxf4 Qxf4 35. Qg2 0-1

[Event "Oberliga NRW 9899 II"]
[Site "Germany"]
[Date "1998.??.??"]
[Round "1.2"]
[White "Kroeger, Fabian"]
[Black "Hommeles, Theo"]
[Result "0-1"]
[WhiteElo "2185"]
[BlackElo "2335"]
[PlyCount "68"]
[EventDate "1998.10.10"]
[EventType "team-tourn"]
[EventRounds "9"]
[EventCountry "GER"]
[SourceTitle "EXT 2000"]
[Source "ChessBase"]
[SourceDate "1999.11.16"]
[SourceVersion "1"]
[SourceVersionDate "1999.11.16"]
[SourceQuality "1"]
[WhiteTeam "Neuenkirchen"]
[BlackTeam "Neu Herne"]
[WhiteTeamCountry "GER"]
[BlackTeamCountry "GER"]

1. e4 e5 2. Nf3 Nc6 3. d4 exd4 4. c3 dxc3 5. Nxc3 Bb4 6. Bc4 d6 7. 0-0 Bxc3 8. bxc3 Nf6 9. e5 dxe5 10. Ng5 0-0 11. Qb3 Qe8 12. Ba3 Na5 13. Qb4 b6 14. Bd3 c5 15. Qh4 h6 16. Ne4 Nd5 17. Nxc5 Qd8 18. Qxd8 Rxd8 19. Ne4 Nxc3 20. Nd6 Nb7 21. Rfc1 Nxd6 22. Rxc3 Be6 23. Bb2 f6 24. Re1 Bxa2 25. f4 exf4 26. Re7 Nf7 27. Ba3 a5 28. Bg6 Rac8 29. Rxc8 Rxc8 30. Rb7 Ne5 31. Bf5 Re8 32. Rxb6 g6 33. Bc2 Ng4 34. g3 f3 0-1

[Event "Wichern op 3rd"]
[Site "Hamburg"]
[Date "1995.??.??"]
[Round "7"]
[White "Kroeger, Fabian"]
[Black "Naumann, Frank"]
[Result "1/2-1/2"]
[WhiteElo "2190"]
[BlackElo "2280"]
[PlyCount "95"]
[EventDate "1995.09.??"]
[EventType "swiss"]
[EventRounds "9"]
[EventCountry "GER"]
[SourceTitle "EXT 1997"]
[Source "ChessBase"]
[SourceDate "1996.11.15"]
[SourceVersion "1"]
[SourceVersionDate "1996.11.15"]
[SourceQuality "1"]

1. e4 c5 2. Nf3 Nc6 3. d4 cxd4 4. Nxd4 g6 5. c4 Nf6 6. Nc3 Nxd4 7. Qxd4 d6 8. Be2 Bg7 9. 0-0 0-0 10. Bg5 Be6 11. Qd2 a6 12. Rac1 b5 13. cxb5 axb5 14. Bxb5 Bxa2 15. Bxf6 Bxf6 16. Bc6 Ra6 17. Nd5 Bxd5 18. Bxd5 Rb6 19. b3 e6 20. Bc4 Qa8 21. Qe3 Qa5 22. Rcd1 Rc6 23. Rd3 Ra8 24. Qg3 Qc5 25. Qf3 Be5 26. Rfd1 Qb4 27. Qe2 Qc5 28. Kf1 Kg7 29. g3 Ra1 30. f4 Rxd1+ 31. Qxd1 Bf6 32. Kg2 Qa3 33. h4 h5 34. Rf3 Qa1 35. Qxa1 Bxa1 36. f5 gxf5 37. exf5 d5 38. fxe6 fxe6 39. Bb5 Rd6 40. Be2 Kg6 41. Bd3+ Kg7 42. Be2 Kh6 43. b4 Rc6 44. Ra3 Bd4 45. Ra6 Rxa6 46. Bxa6 Kg6 47. Bb5 Kf7 48. Be2 1/2-1/2

[Event "Wichern op 3rd"]
[Site "Hamburg"]
[Date "1995.??.??"]
[Round "4"]
[White "Kroeger, Fabian"]
[Black "Sher, Miron Naumovich"]
[Result "0-1"]
[WhiteElo "2190"]
[BlackElo "2510"]
[PlyCount "74"]
[EventDate "1995.09.??"]
[EventType "swiss"]
[EventRounds "9"]
[EventCountry "GER"]
[SourceTitle "EXT 1997"]
[Source "ChessBase"]
[SourceDate "1996.11.15"]
[SourceVersion "1"]
[SourceVersionDate "1996.11.15"]
[SourceQuality "1"]

1. e4 c5 2. Nf3 d6 3. d4 Nf6 4. Nc3 cxd4 5. Nxd4 Nc6 6. Bg5 e6 7. Qd2 a6 8. 0-0-0 h6 9. Be3 Be7 10. f3 Nxd4 11. Bxd4 b5 12. Qf2 Qc7 13. Kb1 Rb8 14. g4 b4 15. Ne2 e5 16. Ba7 Rb7 17. Be3 Be6 18. Nc1 a5 19. Ba6 Rb8 20. Ba7 Ra8 21. Bb5+ Nd7 22. Bb6 Qb7 23. h4 0-0 24. Bxd7 Qxd7 25. Rd2 a4 26. f4 Bxg4 27. f5 h5 28. Nd3 Qb5 29. Be3 Rfc8 30. Rg1 b3 31. a3 Rxc2 32. Nb4 Rxd2 33. Qxd2 Qc4 34. Qd5 Qxd5 35. Nxd5 Bxh4 36. Bb6 Bf3 37. f6 Bxe4+ 0-1

[Event "Wichern op 3rd"]
[Site "Hamburg"]
[Date "1995.??.??"]
[Round "1"]
[White "Westerinen, Heikki MJ"]
[Black "Kroeger, Fabian"]
[Result "1-0"]
[WhiteElo "2375"]
[BlackElo "2190"]
[PlyCount "79"]
[EventDate "1995.09.??"]
[EventType "swiss"]
[EventRounds "9"]
[EventCountry "GER"]
[SourceTitle "EXT 1997"]
[Source "ChessBase"]
[SourceDate "1996.11.15"]
[SourceVersion "1"]
[SourceVersionDate "1996.11.15"]
[SourceQuality "1"]

1. e4 c5 2. Nc3 Nc6 3. Bb5 Nd4 4. a4 g6 5. Nge2 Bg7 6. 0-0 e6 7. Nxd4 cxd4 8. Ne2 Ne7 9. c3 a6 10. Bd3 Nc6 11. b3 0-0 12. Bb2 d5 13. Rc1 Ne5 14. Bb1 d3 15. Ng3 dxe4 16. Nxe4 f5 17. Ng3 f4 18. Ne4 f3 19. g3 g5 20. Re1 Qe8 21. Nxg5 Qh5 22. h4 h6 23. Rxe5 Bxe5 24. Ne4 b6 25. Bxd3 Ra7 26. Qf1 Rg7 27. Qh3 Kh8 28. Re1 Bf4 29. c4 e5 30. Qh2 Bf5 31. Kh1 Bxd2 32. Nxd2 Bxd3 33. Rxe5 Rf5 34. Re3 Be2 35. Qh3 Qf7 36. Qg4 Rf6 37. Bxf6 Qxf6 38. Qe6 Qa1+ 39. Kh2 Qe1 40. Qxh6+ 1-0

[Event "Muenster op"]
[Site "Muenster"]
[Date "1993.??.??"]
[Round "6"]
[White "Woestmann, Ulrich"]
[Black "Kroeger, Fabian"]
[Result "0-1"]
[WhiteElo "1870"]
[BlackElo "1980"]
[PlyCount "50"]
[EventDate "1993.10.??"]
[EventType "swiss"]
[EventRounds "9"]
[EventCountry "GER"]
[SourceTitle "EXT 1999"]
[Source "ChessBase"]
[SourceDate "1998.11.16"]
[SourceVersion "1"]
[SourceVersionDate "1998.11.16"]
[SourceQuality "1"]

1. f4 d5 2. Nf3 Nf6 3. b3 g6 4. Bb2 Bg7 5. e3 0-0 6. c4 c5 7. cxd5 Qxd5 8. Bc4 Qh5 9. Nc3 Nc6 10. a3 Bg4 11. Be2 Rfe8 12. Qc2 Rac8 13. Nd1 e5 14. fxe5 Nxe5 15. Bxe5 Rxe5 16. Nxe5 Bxe2 17. d4 Ba6 18. Nf2 Nd5 19. Nc4 Bxc4 20. bxc4 Nxe3 21. Qe4 cxd4 22. Rc1 Kf8 23. Qxb7 Re8 24. Qb4+ Kg8 25. g4 Nxg4+ 0-1